KAWAII LAB.の所属グループのメンバー - Statistics

General Stats
  • This quiz has been taken 592 times
    238 since last reset
  • The average score is 28 of 38
Answer Stats
答え % Correct
鎮西寿々歌
94%
松本かれん
92%
桜庭遥花
89%
櫻井優衣
88%
真中まな
88%
板倉可奈
88%
月足天音
88%
早瀬ノエル
86%
古澤里紗
86%
川本笑瑠
86%
増田彩乃
85%
真鍋凪咲
85%
村川緋杏
85%
佐野愛花
84%
梅田みゆ
84%
仲川瑠夏
82%
立花琴未
82%
桐原美月
79%
南なつ
78%
宮野静
78%
福山梨乃
77%
小川奈々子
76%
奥田彩友
66%
音井結衣
65%
白石まゆみ
63%
中山こはく
63%
庄司なぎさ
61%
栗田なつか
60%
塩川莉世
60%
山本るしあ
57%
山内咲奈
56%
萩田そら
56%
遠藤まりん
54%
笹原なな花
52%
新井心菜
51%
高梨ゆな
51%
森田あみ
48%
鈴木花梨
44%
No matching quizzes found
Score Distribution
Percent of People with Each Score
Percentile by Number Answered
Your Score History
You have not taken this quiz since the last reset